Memorias ambientales de las provincias de Norte y Gutiérrez, departamento de Boyacá : (Registro nro. 2101)

Detalles MARC
000 -CABECERA
Campo de control 01738nam a2200481 a 4500
005 - FECHA Y HORA DE LA ULTIMA TRANSACCION
Campo de control 20191224041623.0
008 - ELEMENTOS DE LONGITUD FIJA—INFORMACION GENERAL
Campo de control 140303s1996 ck fr|||| 00| 0 spa d
020 ## - ISBN
ISBN 958683011x
040 ## - FUENTE DE CATALOGACIÓN
Agencia catalogadora original CO-BoIAVH
Agencia transcriptora CO-BoIAVH
041 0# - IDIOMA
Código de idioma para texto/pista de sonido o título separado Español
044 ## - PAÍS DE PUBLICACIÓN
País de publicación Colombia
082 04 - NUMERO DE CLASIFICACION DECIMAL DEWEY
Número de clasificación 372.357
Número del ítem A11m
100 1# - ASIENTO PRINCIPAL--NOMBRE PERSONAL
Nombre personal Abad, Victoria
9 (RLIN) 13360
245 10 - MENCION DE TITULO
Título Memorias ambientales de las provincias de Norte y Gutiérrez, departamento de Boyacá :
Parte restante del título compilación de artículos del proyecto Chicamocha (1990-1996) /
Mención de responsabilidad Pontificia Universidad Javeriana, Unión Europea
260 ## - PUBLICACION, DISTRIBUCION, ETC. (PIE DE IMPRENTA)
Lugar de publicación, distribución, etc. Bogotá :
Nombre del editor, distribuidor, etc. IDEADE,
Fecha de publicación, distribución, etc. 1996.
300 ## - DESCRIPCION FISICA
Extensión 307 páginas ;
Dimensiones 28 x 22 cm.
650 #6 - ASIENTO SECUNDARIO DE MATERIA - TERMINO TEMATICO
Término temático o nombre geográfico como elemento de entrada Uso del paisaje
9 (RLIN) 13361
650 #6 - ASIENTO SECUNDARIO DE MATERIA - TERMINO TEMATICO
Término temático o nombre geográfico como elemento de entrada Sistemas de producción agropecuarios
9 (RLIN) 3701
650 #6 - ASIENTO SECUNDARIO DE MATERIA - TERMINO TEMATICO
Término temático o nombre geográfico como elemento de entrada Páramo
9 (RLIN) 54837
650 #6 - ASIENTO SECUNDARIO DE MATERIA - TERMINO TEMATICO
Término temático o nombre geográfico como elemento de entrada Agroecosistemas
9 (RLIN) 54838
650 #6 - ASIENTO SECUNDARIO DE MATERIA - TERMINO TEMATICO
Término temático o nombre geográfico como elemento de entrada Degradación ambiental
9 (RLIN) 54839
650 #6 - ASIENTO SECUNDARIO DE MATERIA - TERMINO TEMATICO
Término temático o nombre geográfico como elemento de entrada Comunidades campesinas
9 (RLIN) 4474
650 #6 - ASIENTO SECUNDARIO DE MATERIA - TERMINO TEMATICO
Término temático o nombre geográfico como elemento de entrada Plan de acción ambiental
9 (RLIN) 3886
650 #6 - ASIENTO SECUNDARIO DE MATERIA - TERMINO TEMATICO
Término temático o nombre geográfico como elemento de entrada Recursos genéticos
9 (RLIN) 54842
650 #6 - ASIENTO SECUNDARIO DE MATERIA - TERMINO TEMATICO
Término temático o nombre geográfico como elemento de entrada Productos maderables
9 (RLIN) 54843
650 #6 - ASIENTO SECUNDARIO DE MATERIA - TERMINO TEMATICO
Término temático o nombre geográfico como elemento de entrada Conocimiento tradicional
9 (RLIN) 92244
650 #6 - ASIENTO SECUNDARIO DE MATERIA - TERMINO TEMATICO
Término temático o nombre geográfico como elemento de entrada Comercialización
9 (RLIN) 54845
662 ## - ASIENTO SECUNDARIO DE MATERIA - JERARQUIA DEL NOMBRE DE LUGAR(
País o entidad mayor Colombia
Jurisdicción política intermedia Río Chicamocha
Jurisdicción política de primer orden Santander
700 1# - ASIENTO SECUNDARIO - NOMBRE PERSONAL
Nombre personal Rojas, Alberto
9 (RLIN) 13367
700 1# - ASIENTO SECUNDARIO - NOMBRE PERSONAL
Nombre personal Sarmiento, Armando
9 (RLIN) 13368
700 1# - ASIENTO SECUNDARIO - NOMBRE PERSONAL
Nombre personal Serrano, Pilar
9 (RLIN) 13369
700 1# - ASIENTO SECUNDARIO - NOMBRE PERSONAL
Nombre personal Cárdenas, Juan Camilo
9 (RLIN) 2215
700 1# - ASIENTO SECUNDARIO - NOMBRE PERSONAL
Nombre personal Mesa, Gregorio
9 (RLIN) 4233
700 1# - ASIENTO SECUNDARIO - NOMBRE PERSONAL
Nombre personal Cordero Péres, Hernando
9 (RLIN) 13370
700 1# - ASIENTO SECUNDARIO - NOMBRE PERSONAL
Nombre personal Farah Quijano, María Adelaida
9 (RLIN) 13371
700 1# - ASIENTO SECUNDARIO - NOMBRE PERSONAL
Nombre personal Cárdenas, Felipe
9 (RLIN) 13372
700 1# - ASIENTO SECUNDARIO - NOMBRE PERSONAL
Nombre personal Devia, Carlos
9 (RLIN) 13373
700 1# - ASIENTO SECUNDARIO - NOMBRE PERSONAL
Nombre personal Gaviria, Juan G.
9 (RLIN) 13374
700 1# - ASIENTO SECUNDARIO - NOMBRE PERSONAL
Nombre personal González, Francisco
9 (RLIN) 3734
700 1# - ASIENTO SECUNDARIO - NOMBRE PERSONAL
Nombre personal Etter R. Andrés
9 (RLIN) 10765
700 1# - ASIENTO SECUNDARIO - NOMBRE PERSONAL
Nombre personal Baptiste-Ballera, Luis Guillermo
9 (RLIN) 54846
942 ## - ELEMENTOS ADICIONALES (KOHA)
Tipo de ítem Libro
Sistema de clasificación Dewey Decimal Classification
Existencias
Withdrawn status Lost status Sistema de Clasificación Damaged status No para préstamo Colección Inventariado Ubicación Permanente Ubicación actual Fecha de adquisición Fuente de Valor Valor Total Checkouts Total Renewals Número topográfico Inventario / Código de Barras Date last seen Date checked out Ejemplar Price effective from Forma de adquisición Tipo de material
    Dewey Decimal Classification     General Inventariado 2017 Bogotá Bogotá 30/01/2001 Instituto 39000.00 1 1 LB-372.357 A11m 002606 29/11/2021 09/05/2019 Ej. 1 04/12/2012   Libro